|
|
|
|
| LEADER |
00000nkm a2200000 a 4500 |
| 001 |
vtls009518671 |
| 003 |
SK-MaSNL |
| 005 |
20260301171309.0 |
| 007 |
kf co |
| 008 |
200701s2008 xo g kuslo |
| 015 |
|
|
|a SNBG2010/03-02022
|
| 040 |
|
|
|a SNK
|b slo
|c SNK
|e AACR2
|
| 041 |
0 |
|
|a slo
|
| 044 |
|
|
|a xo
|c SK
|
| 080 |
|
|
|a 502.2
|2 2001
|
| 080 |
|
|
|a (059)
|2 2001
|
| 245 |
0 |
0 |
|a Svet ticha 2009
|h grafika
|b [nástenný kalendár]
|
| 250 |
|
|
|a [1. vyd.]
|
| 260 |
|
|
|a Banská Bystrica
|b Spektrum Grafik
|c [2008]
|
| 300 |
|
|
|a 1 kalendár ([8] l.)
|b fareb.
|c 33 x 37 cm
|
| 500 |
|
|
|a Mesačný kalendár
|
| 500 |
|
|
|a Obojstr. tlač
|
| 650 |
0 |
7 |
|a príroda
|2 SNKPH
|9 3813
|
| 655 |
|
7 |
|a nástenné kalendáre
|2 SNKPH
|9 70664
|
| 958 |
|
|
|a GBN
|
| 999 |
|
|
|c 830405
|d 832335
|
| 952 |
|
|
|a SNK
|b SNK
|y PREZ
|7 0
|p 17A0622453
|o snkOSB 15502 D1
|i snk2009/9622
|8 0
|0 0
|1 0
|4 0
|d 2009-05-29
|l 0
|r 2026-02-24 03:36:04
|w 2026-02-24
|
| 952 |
|
|
|a SNK
|b SNK
|y PREZ
|7 0
|p 17A0622454
|o snkOSB 15502
|i snk2009/9621
|8 0
|0 0
|1 0
|4 0
|d 2009-05-29
|l 0
|r 2026-02-24 03:36:04
|w 2026-02-24
|